[Event "GER-ch U12"]
[Site "Willingen"]
[Date "2024.05.24"]
[Round "8"]
[White "Hepp, Daniel"]
[Black "Yozgyur, Ediz"]
[Result "1/2-1/2"]
[WhiteElo "1721"]
[BlackElo "1789"]
[PlyCount "57"]
[EventDate "2024.05.19"]
[EventType "swiss"]
[EventRounds "9"]
[EventCountry "GER"]
[SourceTitle "CBM 220 Extra"]
[Source "ChessBase"]
[SourceDate "2024.07.31"]
[SourceVersion "1"]
[SourceVersionDate "2024.07.31"]
[SourceQuality "1"]

1. c4 e6 2. Nc3 Nf6 3. d4 Bb4 4. Nf3 c5 5. e3 d5 6. Bd2 Nc6 7. cxd5 exd5 8. a3 Bxc3 9. Bxc3 c4 10. Nd2 0-0 11. a4 a5 12. b3 Bg4 13. Be2 Bxe2 14. Qxe2 cxb3 15. Nxb3 Ne4 16. Rc1 Rc8 17. Bd2 Re8 18. 0-0 Re6 19. Bxa5 Nxa5 20. Rxc8 Qxc8 21. Nxa5 Rh6 22. Qb5 b6 23. Nb3 Qd8 24. Qe2 Qh4 25. h3 Rg6 26. f3 Ng3 27. Qf2 Qe7 28. Rc1 h6 29. Nd2 1/2-1/2

[Event "GER-ch U12"]
[Site "Willingen"]
[Date "2024.05.22"]
[Round "6"]
[White "Hepp, Daniel"]
[Black "Balashvili, Amiran"]
[Result "1/2-1/2"]
[WhiteElo "1721"]
[BlackElo "1682"]
[PlyCount "92"]
[EventDate "2024.05.19"]
[EventType "swiss"]
[EventRounds "9"]
[EventCountry "GER"]
[SourceTitle "CBM 220 Extra"]
[Source "ChessBase"]
[SourceDate "2024.07.31"]
[SourceVersion "1"]
[SourceVersionDate "2024.07.31"]
[SourceQuality "1"]

1. c4 e5 2. Nc3 Nf6 3. Nf3 Nc6 4. g3 d5 5. cxd5 Nxd5 6. Bg2 Nb6 7. 0-0 Be7 8. a3 0-0 9. b4 a6 10. Bb2 Re8 11. d3 Bf8 12. Rc1 g6 13. Ne4 Bg7 14. Ba1 Nd4 15. Nxd4 exd4 16. h3 c6 17. Re1 Bd7 18. Nd6 Re7 19. Nxb7 Qc7 20. Na5 Re6 21. Qb3 Rc8 22. Nc4 c5 23. Nb2 Qd6 24. Nc4 Qb8 25. Rb1 Nxc4 26. dxc4 Rb6 27. Red1 Be6 28. Rdc1 Bf5 29. Rb2 d3 30. Rd2 Bxa1 31. Rxa1 dxe2 32. Rxe2 cxb4 33. axb4 Rxb4 34. Qa3 Rbxc4 35. Qxa6 Bd3 36. Ree1 Bf5 37. Re7 Rc1+ 38. Rxc1 Rxc1+ 39. Kh2 Rc7 40. Qd6 Rc8 41. Qf6 Be6 42. Rxe6 fxe6 43. Qxe6+ Kg7 44. Qe7+ Kh6 45. Qh4+ Kg7 46. Qe7+ Kh6 1/2-1/2

[Event "GER-ch U25-B"]
[Site "Willingen"]
[Date "2023.05.29"]
[Round "3"]
[White "Hepp, Daniel"]
[Black "Brandt, Clara"]
[Result "1-0"]
[WhiteElo "1442"]
[BlackElo "1254"]
[PlyCount "51"]
[EventDate "2023.05.27"]
[EventType "swiss"]
[EventRounds "9"]
[EventCountry "GER"]
[SourceTitle "CBM 214 Extra"]
[Source "ChessBase"]
[SourceDate "2023.07.31"]
[SourceVersion "1"]
[SourceVersionDate "2023.07.31"]
[SourceQuality "1"]

1. d4 Nf6 2. e3 g6 3. Bd3 Bg7 4. Nd2 0-0 5. f4 d6 6. Ngf3 Nbd7 7. 0-0 e5 8. fxe5 dxe5 9. c3 Qe7 10. e4 b6 11. d5 Bb7 12. Nb3 c6 13. c4 a6 14. Bg5 h6 15. Bh4 g5 16. Bf2 Ng4 17. Nh4 Ne3 18. Bxe3 gxh4 19. Qh5 Kh7 20. Rf3 cxd5 21. cxd5 Bc8 22. Raf1 Nf6 23. Rxf6 Bxf6 24. Qxh6+ Kg8 25. Rxf6 Qxf6 26. Qxf6 1-0

[Event "GER-ch U25-B"]
[Site "Willingen"]
[Date "2023.05.28"]
[Round "1"]
[White "Hepp, Daniel"]
[Black "Storm, Max"]
[Result "0-1"]
[WhiteElo "1442"]
[BlackElo "1703"]
[PlyCount "88"]
[EventDate "2023.05.27"]
[EventType "swiss"]
[EventRounds "9"]
[EventCountry "GER"]
[SourceTitle "CBM 214 Extra"]
[Source "ChessBase"]
[SourceDate "2023.07.31"]
[SourceVersion "1"]
[SourceVersionDate "2023.07.31"]
[SourceQuality "1"]

1. d4 Nf6 2. e3 d5 3. Bd3 c5 4. c3 Nc6 5. f4 Bg4 6. Nf3 e6 7. Nbd2 Bd6 8. Nf1 Bf5 9. Bxf5 exf5 10. Ng3 g6 11. Qb3 Qc7 12. Ne5 0-0 13. 0-0 Rfe8 14. Bd2 Rad8 15. h3 Kg7 16. Rac1 c4 17. Qc2 Ne4 18. Nxe4 fxe4 19. Be1 f6 20. Ng4 Rd7 21. Bh4 Rf7 22. Qf2 Ref8 23. Qe2 h5 24. Nxf6 Rxf6 25. Bxf6+ Rxf6 26. g4 Qf7 27. Kh1 Ne7 28. gxh5 gxh5 29. Rg1+ Kh6 30. Rcf1 Nf5 31. Rg5 Nh4 32. Rfg1 Nf3 33. R1g2 Kh7 34. R5g3 Rf5 35. Rxf3 exf3 36. Qxf3 Kh6 37. Rg3 Be7 38. Qg2 Kh7 39. Qc2 Kh6 40. Rg8 Qxg8 41. Qxf5 Bh4 42. Qe5 Bf2 43. Qf6+ Kh7 44. Qf5+ Qg6 0-1

[Event "GER-ch U10"]
[Site "Willingen"]
[Date "2022.06.06"]
[Round "3"]
[White "Peglau, Paul David"]
[Black "Hepp, Daniel"]
[Result "1/2-1/2"]
[WhiteElo "1623"]
[BlackElo "1468"]
[PlyCount "48"]
[EventDate "2022.06.04"]
[EventType "swiss"]
[EventRounds "11"]
[EventCountry "GER"]
[SourceTitle "CBM 208 Extra"]
[Source "ChessBase"]
[SourceDate "2022.07.31"]
[SourceVersion "1"]
[SourceVersionDate "2022.07.31"]
[SourceQuality "1"]

1. d4 d5 2. Nf3 c5 3. e3 a6 4. Be2 Nc6 5. 0-0 Nf6 6. c4 cxd4 7. exd4 dxc4 8. Bxc4 e6 9. Nc3 Nb4 10. Bg5 Be7 11. Qe2 0-0 12. Rfd1 b5 13. Bb3 Bb7 14. Rac1 Nbd5 15. Nxd5 Bxd5 16. Ne5 Re8 17. Bxd5 Nxd5 18. Bxe7 Qxe7 19. a3 Rac8 20. Qf3 Nf6 21. Rc6 Qa7 22. Rdc1 Rxc6 23. Nxc6 Qd7 24. Qf4 Nd5 1/2-1/2